000 00865cab a22002055a 4500
001 L154271
008 111108s2011 xxka f 000 0 eng d
035 _a(Sirsi) u154271
041 0 _aeng
245 0 0 _aPayment provisions under the new construction act
_bThe Local Democracy, Economic Development and Construction Act 2009, part 3
260 _c2011
490 _aCivil Engineering Surveyor
_vNovember 2011, 45(1)
520 _aLooks at adjudication provisions under the LDEDCA.
650 2 4 _aLOCAL DEMOCRACY, ECONOMIC DEVELOPMENT AND CONSTRUCTION ACT 2009
650 2 4 _aHOUSING GRANTS, CONSTRUCTION AND REGENERATION ACT 1996
651 4 _aUnited Kingdom
_y
690 _aBUILT ENVIRONMENT-BUILDING CONTRACT FORMS-STANDARD FORMS OF BUILDING CONTRACT
690 _aBUILT ENVIRONMENT-CONSTRUCTION MANAGEMENT-BUILDING CONTRACT ADMINISTRATION
942 _n0
999 _c83553
_d83553